| 000 | 00546nmm a2200169Ia 4500 | ||
|---|---|---|---|
| 008 | 251105s9999||||xx |||||||||||||||||und|| | ||
| 020 | _a9789588378015 | ||
| 041 | _aspa | ||
| 100 | _aTobón Franco, Natalia | ||
| 245 | 0 | _aMarketing jurídico. Sus relaciones con la responsabilidad profesional | |
| 264 |
_a[Bogotá, Colombia] : _bUniversidad del Rosario, _c2009 |
||
| 300 | _a363 páginas | ||
| 490 | _aTextos de Jurisprudencia | ||
| 650 | _aEconomics and Business | ||
| 856 | _uhttps://public.digitaliapublishing.com/a/10275 | ||
| 942 | _cCF | ||
| 999 |
_c96591 _d96591 |
||